|
|
|
|
| LEADER |
00000nab a2200000 a 4500 |
| 001 |
vtls000775478 |
| 003 |
SK-MaSNL |
| 005 |
20260426082027.0 |
| 008 |
250429c2001 xo 0 slo |
| 015 |
|
|
|a SNBRB2001/11-34251
|
| 035 |
|
|
|a CLN000127265
|
| 035 |
|
|
|a urn:nbn:sk:snk-abmvk
|
| 035 |
|
|
|a (urnnbn)urn:nbn:sk:snk:ar-a03n28
|
| 035 |
|
|
|a (uuid)0e950250-140f-47b8-9be5-7acb6bf82869
|
| 040 |
|
|
|a SNKBUCL
|b slo
|c SNKBUCL
|e AACR2
|
| 041 |
0 |
|
|a slo
|
| 044 |
|
|
|a xo
|c SK
|
| 080 |
|
|
|a 628.4(437.6)
|2 1997
|
| 080 |
|
|
|a 504.064.4(437.6)
|2 1997
|
| 100 |
1 |
|
|a Krištínová, Anna
|4 aut
|9 777182
|
| 245 |
1 |
0 |
|a ABC komunálneho odpadu v Bratislave
|c Anna Krištínová
|
| 650 |
0 |
7 |
|a odpad komunálny
|z Bratislava (Slovensko)
|2 snkbucl
|9 929280
|
| 651 |
|
7 |
|a Bratislava (Slovensko)
|2 snkbucl
|9 14568
|
| 655 |
|
7 |
|a články z novín a časopisov
|2 snkbucl
|9 267496
|
| 773 |
0 |
|
|t Odpady
|g Roč. 1, č. 7 (2001), s. 21-24
|x 1335-7808
|
| 850 |
|
|
|a Slovenská národná knižnica
|
| 852 |
|
|
|a Slovenská národná knižnica
|
| 954 |
|
|
|a odborná, vedecká literatúra pôvodná (slovenská)
|2 lita
|
| 958 |
|
|
|a article27
|
| 958 |
|
|
|a SK
|
| 958 |
|
|
|a OND
|
| 958 |
|
|
|a EUIPO
|
| 992 |
|
|
|a RBX
|
| 999 |
|
|
|c 2860321
|d 2862251
|